000
00416nam a2200133Ia 4500
008
191206s9999 xx 000 0 und d
090
_a
PR1134B7
245
0
_a
Eighteenth Century Poetry & Prose
250
_a
3d ed.
260
_a
Ronald Press Co.
260
_c
c[1973]
300
_a
"xxvii, 1493 p. 25 cm."
999
_c
15870
_d
15870